000 01130nac a22003017a 4500
001 BR7701555
003 BR-BrBNA
005 20240105114030.0
008 230509b bl.|||m| |||| 00| 0 por d
040 _aBR-BrBNA
_bpor
_cBiblioteca Nacional de Agricultura
072 _aF25; F00
090 _a1410 BR7701555
100 1 _aMuzilli, O.
100 1 _aGodoy, O.P.
110 1 _aFundacao Instituto Agronomico do Parana, Londrina (Brasil)
245 1 _aAcidez do solo e desenvolvimento do feijoeiro, 2: Acao de diferentes niveis de correcao da acidez na absorcao de NPK, Ca e Mg pelo feijoeiro (Phaseolus vulgaris L.)cultivar "Goiano Precoce" em solo Latosol Roxo distrofico
_bParte de tese
260 3 _aLondrina, PR (Brasil):
_c1977.
300 _a36 p.
490 _aBoletim Tecnico - Fundacao Instituto Agronomico do Parana (Brazil)
_vno. 8
_x
500 _a6 tables; 10 graphs; 21 ref.; Summaries (En, Pt)
650 _aFEIJAO
650 _aVARIEDADE
650 _aLATOSSOLO ROXO
650 _aACIDEZ DO SOLO
650 _aADUBACAO
909 _a202312
_bLúcia Elande
_c55
_dLúcia Elande
942 _2AGRIS
_n0
_cMS
999 _c267002
_d267002